Trouve le chauve - Statistiques

Statistiques générales
  • Ce quiz a été pris 83 fois
  • Le résultat moyen est 15 sur 25
Statistiques - réponses
Hint Réponse % Correct
Coup de boule en finale de la coupe du monde 2006 Zinédine Zidane
95%
Est votre allié propreté et efficacité pendant votre ménage Mr. Propre
91%
Celui dont il ne faut pas prononcer le nom Voldemort
86%
Numéro 23 et plus grande légende des Chicago Bulls Michael Jordan
84%
Maître Jedi, il apprend à Luke à maîtriser la force Maître Yoda
81%
Meilleur ouvrier de France, colérique, t'engueule puis retapeton restaurant Philippe Etchebest
78%
Duc de boulogne, B2O, Elie Yaffa de son vrai nom Booba
74%
Professeur de chimie reconverti en trafiquant de méthamphétamine pure Walter White/Heisenberg
73%
Son surnom est "le rocher" Dwayne "The Rock" Johnson
68%
2ème meilleur buteur de l'équipe de France et légende d'Arsenal Thierry Henry
68%
Seul Bresilien de l'histoire à avoir remporté deux fois le Ballon d'Or Ronaldo Nazário
66%
Héros qui bat chacun de ses ennemis en un coup de poing, à pris Genos sous son aile Saitama/One punch man
65%
Boxeur poids lourd croqueur d'oreille Mike Tyson
64%
D'OH ! Homer Simpson
60%
Ennemi juré de Superman Lex Luthor
52%
Doit se coltiner Bob l'éponge comme voisin Carlo Tentacule
51%
L'agent 47 Hitman
49%
Héros de la saga God of War Kratos
49%
Principal antagoniste de Dragon Ball Z Freezer
45%
Mélangez un alcool de raisin puis un carburant à base de pétrole Vin Diesel
45%
Acteur et producteur américain il interprète Nick Fury Samuel L. Jackson
43%
Personnage de Dragon Ball Z qui s'est fait tué puis ressuscité le plus grand nombre de fois Krilin
38%
Super-vilain de DC Comics il casse la colonne vertébrale de Batman Bane
35%
Arbitre de football italien présent sur la jaquette de PES 3 et PES 4 Pierluigi Collina
35%
Acteur homme à femme il est à la fois astronaute, docteur, pompier, cuisinier,professeur, coach de karaté, policier, ingénieur et livreur de pizza (pas fier de celle la) Johnny Sins
30%
Aucun quiz correspondant
Distribution des résultats
% des personnes avec chaque résultat
Percentile par nombre de réponses
Votre historique - résultats
Vous n’avez pas pris ce quiz